Psicología social aplicada
Zapisane w:
| 1. autor: | |
|---|---|
| Format: | Książka |
| Język: | hiszpański |
| Wydane: |
Madrid
Eudema
1992
|
| Seria: | Eudema Universidad Manuales
|
| Hasła przedmiotowe: | |
| Etykiety: |
Dodaj etykietę
Nie ma etykietki, Dołącz pierwszą etykiete!
|
MARC
| LEADER | 00000nam a2200000 a 4500 | ||
|---|---|---|---|
| 001 | UCX6472 | ||
| 003 | CL-VaPUC | ||
| 008 | 930618e19920000SP |||||||||||||||||spa|d | ||
| 082 | 0 | 4 | |a 302 |b CLE |2 21 |
| 100 | 0 | |a Clemente Díaz, Miguel |e author |9 322956 | |
| 245 | 1 | 0 | |a Psicología social aplicada |
| 300 | |a 96 p | ||
| 942 | |c BK | ||
| 945 | |d 19930618 00:00:00 | ||
| 260 | |a Madrid |b Eudema |c 1992 | ||
| 650 | 0 | |a Psicología social |9 222894 | |
| 650 | 0 | |a Psicología aplicada |9 270762 | |
| 583 | |a last modification |c 19930618 00:00:00 |k Rodrigo Vera | ||
| 490 | 0 | |a Eudema Universidad Manuales | |
| 999 | |c 226482 |d 226480 | ||
| 952 | |0 0 |1 0 |4 0 |6 302_000000000000000_CLE_1992 |7 0 |8 A |9 224873 |a BIBGIM |b BIBGIM |d 2019-11-15 |i 2935961 |l 1 |o 302 CLE 1992 |p 2935961 |r 2025-01-15 |s 2023-03-27 |w 2019-11-15 |y BK |k SSL | ||